000 00869nam a2200265Ia 4500
003 OSt
005 20220926004809.0
006 a|||||r|||| 00| 0
007 ta
008 220923b |||||||| |||| 00| 0 eng d
020 _a9788178299051
_c722.5
037 _b279, 14/08/2009, PIONEER BOOK DISTRIBUTORS
_cGeneral Book
040 _aRTL
_cRTL
_beng
041 _2eng
_aeng
082 _aU43, 2.2, P8
100 _aBaud I.S.A.
_9277509
245 0 _aNew forms of urban governane in India
_b Shifts, models, networks and contestations.
260 _a New Delhi
_bSage
_c2008
300 _axiv, 402p
_ccm.
500 _aBibliography: P 368-91
650 _aGeography
700 _a De Wit J.
_9309264
942 _hU43, 2.2, P8
_cGB
_2CC
999 _c612288
_d612288